<?xml version="1.0" encoding="UTF-8"?>
<collection xmlns="http://www.loc.gov/MARC21/slim">
<record>
  <controlfield tag="001">7585</controlfield>
  <controlfield tag="005">20250429101558.0</controlfield>
  <datafield tag="024" ind1="7" ind2=" ">
    <subfield code="a">10.26443/seismica.v4i1.1483</subfield>
    <subfield code="2">DOI</subfield>
  </datafield>
  <datafield tag="037" ind1=" " ind2=" ">
    <subfield code="a">SCART-2025-0134</subfield>
  </datafield>
  <datafield tag="100" ind1=" " ind2=" ">
    <subfield code="a">Lisa Tomasetto, </subfield>
  </datafield>
  <datafield tag="245" ind1=" " ind2=" ">
    <subfield code="a">WMSAN Python Package: From Oceanic Forcing to Synthetic Cross-correlations of Microseismic Noise</subfield>
  </datafield>
  <datafield tag="260" ind1=" " ind2=" ">
    <subfield code="c">2025</subfield>
  </datafield>
  <datafield tag="520" ind1=" " ind2=" ">
    <subfield code="a">Seismic ambient noise spectra ubiquitously show two amplitude peaks corresponding to distinct oceanic wave interaction mechanisms called primary (seismic period (T) ~ 14 s) and secondary (T ~ 7 s) microseism. Seismic noise records are used in a wide range of applications including crustal monitoring, imaging of the Earth's deep interior using noise correlations, and studies on the coupling between oceans and solid Earth. All of these applications could benefit from a robust knowledge of spatiotemporal dynamics of microseismic sources. Consequently, seismologists have been studying how to model microseismic sources of ambient noise with the recent improvements in ocean wave models. Global sea state and its derivative products are now covering the past decades in models such as the WAVEWATCHIII hindcast. This paper introduces the Wave Model Sources of Ambient Noise (WMSAN, pronounced [wam-san]) Python package. This modular package uses standardized wave model outputs to visualize ambient noise source maps and efficiently compute synthetics of seismic spectrograms and cross-correlations for surface waves (Rayleigh) and body waves (P, SV), in a user-friendly way.</subfield>
  </datafield>
  <datafield tag="536" ind1=" " ind2=" ">
    <subfield code="a">BRAIN-be 2.0 SeismoStorm/</subfield>
    <subfield code="c">BRAIN-be 2.0 SeismoStorm/</subfield>
    <subfield code="f">BRAIN-be 2.0 SeismoStorm</subfield>
  </datafield>
  <datafield tag="594" ind1=" " ind2=" ">
    <subfield code="a">NO</subfield>
  </datafield>
  <datafield tag="653" ind1="1" ind2=" ">
    <subfield code="a">Ambient seismic noise</subfield>
  </datafield>
  <datafield tag="653" ind1="1" ind2=" ">
    <subfield code="a">Python</subfield>
  </datafield>
  <datafield tag="653" ind1="1" ind2=" ">
    <subfield code="a">Modeling</subfield>
  </datafield>
  <datafield tag="653" ind1="1" ind2=" ">
    <subfield code="a">Oceanography</subfield>
  </datafield>
  <datafield tag="653" ind1="1" ind2=" ">
    <subfield code="a">Microseisms</subfield>
  </datafield>
  <datafield tag="700" ind1=" " ind2=" ">
    <subfield code="a">Tomasetto, Lisa</subfield>
  </datafield>
  <datafield tag="700" ind1=" " ind2=" ">
    <subfield code="a">Boué, Pierre</subfield>
  </datafield>
  <datafield tag="700" ind1=" " ind2=" ">
    <subfield code="a">Ardhuin, Fabrice</subfield>
  </datafield>
  <datafield tag="700" ind1=" " ind2=" ">
    <subfield code="a">Stutzman, Eleonore</subfield>
  </datafield>
  <datafield tag="700" ind1=" " ind2=" ">
    <subfield code="a">Xu, Zonbo</subfield>
  </datafield>
  <datafield tag="700" ind1=" " ind2=" ">
    <subfield code="a">De Plaen, Raphaël</subfield>
  </datafield>
  <datafield tag="700" ind1=" " ind2=" ">
    <subfield code="a">Stehly, Laurent</subfield>
  </datafield>
  <datafield tag="773" ind1=" " ind2=" ">
    <subfield code="p">Seismica</subfield>
    <subfield code="v">4</subfield>
    <subfield code="y">2025</subfield>
    <subfield code="n">1</subfield>
  </datafield>
  <datafield tag="856" ind1="0" ind2=" ">
    <subfield code="f">raphael.deplaen@ksb-orb.be</subfield>
  </datafield>
  <datafield tag="856" ind1="4" ind2=" ">
    <subfield code="s">180741</subfield>
    <subfield code="u">http://publi2-as.oma.be/record/7585/files/WMSAN.png</subfield>
    <subfield code="y">Diagram representation of the different products available in WMSAN and their interactions</subfield>
  </datafield>
  <datafield tag="856" ind1="4" ind2=" ">
    <subfield code="s">17017</subfield>
    <subfield code="u">http://publi2-as.oma.be/record/7585/files/WMSAN.gif?subformat=icon</subfield>
    <subfield code="x">icon</subfield>
    <subfield code="y">Diagram representation of the different products available in WMSAN and their interactions</subfield>
  </datafield>
  <datafield tag="856" ind1="4" ind2=" ">
    <subfield code="s">17116</subfield>
    <subfield code="u">http://publi2-as.oma.be/record/7585/files/WMSAN.jpg?subformat=icon-180</subfield>
    <subfield code="x">icon-180</subfield>
    <subfield code="y">Diagram representation of the different products available in WMSAN and their interactions</subfield>
  </datafield>
  <datafield tag="905" ind1=" " ind2=" ">
    <subfield code="a">published in</subfield>
  </datafield>
  <datafield tag="980" ind1=" " ind2=" ">
    <subfield code="a">REFERD</subfield>
  </datafield>
</record>
</collection>